000 00507nam a2200133Ia 4500
008 100328s9999 xx 000 0 und d
082 _b39692
100 _aभातखंडे विष्णु नारायण
245 _aहिंदुस्थानी संगीत पदती
260 _bपॉप्युलर
630 _aहिंदुस्थानी संगीत पदती
730 _aहिंदुस्थानी संगीत पदती
942 _cBOOK
999 _c528580
_d528577